000
00205 a2200097 4500
001
11091
100
_a
Javid Iqbal
245
_a
Ideology of Pakistan
260
_a
_b
Ferozsons Ltd
_c
090
_c
8648
_d
8648
942
_a
NUST-CAE
_c
M
_c
35431
999
_c
246164
_d
246164